000 00731nam a2200241 i 4500
001 130567
003 ES-MaACL
005 20230906193756.0
007 t|
008 070801s1978 fr ||||1| fre d
020 _a2-252-01916-6
080 _a811.124'37
100 1 _aAndré, Jacques.
_921538
245 1 4 _aLes mots a redoublement en latin /
_cJacques André.
260 _aParis :
_bÉditons Klincksieck,
_c1978.
300 _a118 p. ;
_c24 cm.
490 1 _aÉtudes et commentaires ;
_vXC
500 _aBiblioteca Jacinto Martínez Lacalle.
650 4 _aLengua latina-
_xSemántica.
_914304
830 0 _aÉtudes et commentaires ;
_vXC
_9188859
852 _aES-MaACL
_jE-11880
_bR.139845
999 _c130567
_d130567